Responses for Show #1919 - Thursday, December 31, 1992

Jack Mahoney game 5.

Contestants

[<< previous game]

Rudy Tjiptahadi, an engineering student from Fullerton, California

John Hayden, a psychologist from Dana Point, California

Jack Mahoney, an actor originally from Newport, Rhode Island (whose 4-day cash winnings total $32,404)

[next game >>]

Jeopardy! Round responses

LESSER KNOWN NAMES
TV ACTORS & ROLES
BIOLOGY
CLOTHING & FASHION
EUROPEAN HISTORY
THE LETTER C
    $100 1
Martha Washington

John
    $100 16
Dallas

John
    $100 26
green

Jack
    $100 21
a diaper

John
    $100 6
(Jack: Who is Philip?)

Napoleon Bonaparte

JackRudy
    $100 11
copyright

Jack
    $200 2
Livingstone

Jack
    $200 17
Designing Women

John
    $200 27
survival of the fittest

John
    $200 22
a cummerbund

Jack
    $200 7
Belgium

Jack
    $200 12
carbon copy

Jack
    $300 3
(Rudy: What is a sphere?)

flat

JackRudy
    $300 18
Fame

Rudy
    $300 28
the Y

John
    $300 23
neckties

Triple Stumper
    $300 8
Khrushchev

Rudy
    $300 13
(Jack: What is an S?)

a K

JackRudy
    $400 4
a justice of the peace

John
    $400 19
Paper Moon

John
    $400 29
pollen

John
    $400 24
a corset

Jack
    $400 9
the Crimean War

Jack
    $400 14
Koop

Jack
    $500 5
(Alex: The name wasn't too much of a giveaway, was it?)

Sputnik

John
    $500 20
(John: What is To Catch a Thief?)
(Rudy: What is Hart to Hart?)

It Takes a Thief

JackJohnRudy
    $500 30
the hemoglobin

Rudy
    $500 25
(Jack: What are Bermuda shorts?)

capris

JackJohn
    $500 10
Norway

Jack
    $500 15
(Jack: [Sighs and shakes head])

Hi-C

JackJohn

Scores at the first commercial break (after clue 13):

Jack John Rudy
$1,500 $1,000 $400

Scores at the end of the Jeopardy! Round:

Jack John Rudy
$2,100 $3,200 $700

Double Jeopardy! Round responses

1923
WORLD'S FAIRS & EXPOS
COMPOSERS
ANIMALS
AMERICANA
DICKENS
    $200 1
the deutschmark

Rudy
    $200 20
the Eiffel Tower

Rudy
    $200 6
9

Jack
    $200 25
Cook

Jack
    $200 7
pipes

Jack
    $200 16
A Christmas Carol

John
    $400 2
The Ten Commandments

Rudy
    $400 21
Montreal

Jack
    $400 12
the Pulitzer Prize

Rudy
    $400 26
(Jack: What are blue whales?)

baleen whales

Jack
Triple Stumper
    $400 8
red

Jack
    $400 17
Great Expectations

Rudy
    $600 3
"Yes, We Have No Bananas"

Jack
    $600 22
New York

John
    $600 13
Chopin

Jack
    $600 27
pike

Jack
    $600 9
free

Jack
    $600 18
Oliver Twist

Jack
    $800 4
(Rudy: What is the League of Nations?)
(John: What is the World Bank?)

the World Court

JohnRudy
Triple Stumper
    $800 23
(Jack: [Sighs] What is the Crystal Pavilion?)

the Crystal Palace

JackJohn
    $800 14
(Anthony) Burgess

Rudy
    $800 28
the rhea

Triple Stumper
    $800 10
Lindbergh

Jack
    $1,000 19
(Jack: What is David Copperfield?)

The Old Curiosity Shop

Jack
    $1000 5
(Jack: Who is Coolidge?)

Harding

JackJohn
    $1,000 24
(John: What is Barcelona?)

Seville, Spain

John
    $1000 15
Billy Budd

Rudy
    $1000 29
(Jack: What is North Carolina?)

Maryland

Jack
Triple Stumper
    $1000 11
Mike Fink

John
    $1000 30
Boz

John

Scores at the end of the Double Jeopardy! Round:

Jack John Rudy
$3,100 $6,000 $3,300

[wagering suggestions for these scores]

Final Jeopardy! Round responses

GOVERNORS
(Alex: The man went on to become a U.S. president; let's see how well our contestants did on this one.)
...
[Jack turns as someone lets out an audible reaction when Jack's response is acknowledged as correct.]
JackWho was Coolidge?
$3,000
RudyWho is Coolidge
$2,901
JohnWho was
$601
(Calvin) Coolidge

Final scores:

Jack John Rudy
$6,100 $5,399 $6,201
2nd place: Orrefors stemware + Towle flatware + Jeopardy! home game or computerized version 3rd place: Sanyo stereo component system + Jeopardy! home game or computerized version New champion: $6,201

Game dynamics:

Coryat scores:

Jack John Rudy
$4,100 $7,000 $3,300
23 R,
9 W
(including 1 DD)
18 R
(including 1 DD),
3 W
(including 1 DD)
12 R,
3 W

Combined Coryat: $14,400

[game clues] [game scores] [suggest correction]

Game tape date: 1992-09-15
The J! Archive is created by fans, for fans. Scraping, republication, monetization, and malicious use prohibited; this site may use cookies and collect identifying information. See terms. The Jeopardy! game show and all elements thereof, including but not limited to copyright and trademark thereto, are the property of Jeopardy Productions, Inc. and are protected under law. This website is not affiliated with, sponsored by, or operated by Jeopardy Productions, Inc. Join the discussion at JBoard.tv.